[Event "Sportsko leto 2013"]
[Site "Paracin"]
[Date "2013.07.12"]
[Round "9.1"]
[White "Miladinovic, Igor"]
[Black "Gleizerov, Evgeny"]
[Result "1/2-1/2"]
[WhiteElo "2558"]
[BlackElo "2553"]
[PlyCount "43"]
[EventDate "2013.??.??"]

1. d4 d5 2. c4 c6 3. cxd5 cxd5 4. Nc3 Nf6 5. Bf4 Nc6 6. e3 Bf5 7. Bd3 Bxd3 8.
Qxd3 e6 9. Nf3 Bd6 10. Bxd6 Qxd6 11. O-O a6 12. Rfc1 O-O 13. Na4 Nd7 14. Nc5
Nxc5 15. Rxc5 Rfc8 16. Rac1 Ne7 17. h3 h6 18. a3 Rxc5 19. Rxc5 Rc8 20. Rxc8+
Nxc8 21. Qc3 Ne7 22. Ne5 1/2-1/2

[Event "Sportsko leto 2013"]
[Site "Paracin"]
[Date "2013.07.12"]
[Round "9.3"]
[White "Lajthajm, Borko"]
[Black "Drenchev, Petar"]
[Result "1-0"]
[WhiteElo "2477"]
[BlackElo "2483"]
[PlyCount "95"]
[EventDate "2013.??.??"]

1. d4 d5 2. c4 dxc4 3. Nc3 c5 4. d5 e6 5. e4 Nf6 6. Bxc4 a6 7. a4 exd5 8. Nxd5
Nxd5 9. Bxd5 Qc7 10. Nf3 Nc6 11. Ng5 Nd8 12. O-O Be7 13. Qh5 g6 14. Qh6 Bf8 15.
Qh4 Qe7 16. Qg3 h6 17. Qc3 Rg8 18. Nf3 Bg7 19. Qc4 Bg4 20. Nd2 Rc8 21. Nb3 Be6
22. a5 Nc6 23. Bxe6 Qxe6 24. Qxe6+ fxe6 25. Nxc5 Nd4 26. Nd3 Kf7 27. Be3 Rgd8
28. Rad1 Nb3 29. Bb6 Rd6 30. g3 Rc4 31. e5 Rd5 32. Nf4 Rxd1 33. Rxd1 Bxe5 34.
Rd7+ Ke8 35. Rxb7 Bxf4 36. gxf4 Rxf4 37. Ra7 Rg4+ 38. Kf1 Nd2+ 39. Ke2 Nc4 40.
Rxa6 Nxb2 41. Ra8+ Kd7 42. a6 Na4 43. Be3 Nc3+ 44. Kf3 Ra4 45. a7 Nb5 46. Rh8
Nc7 47. Rxh6 g5 48. Rg6 1-0

[Event "Sportsko leto 2013"]
[Site "Paracin"]
[Date "2013.07.12"]
[Round "9.4"]
[White "Damljanovic, Branko"]
[Black "Olszewski, Michal"]
[Result "0-1"]
[WhiteElo "2544"]
[BlackElo "2551"]
[PlyCount "124"]
[EventDate "2013.??.??"]

1. c4 Nf6 2. Nc3 d5 3. cxd5 Nxd5 4. g3 g6 5. Bg2 Nxc3 6. bxc3 Bg7 7. Rb1 Nc6 8.
Nf3 O-O 9. O-O Qd7 10. d4 b6 11. Bf4 Bb7 12. Qc1 Rfd8 13. e4 e5 14. Nxe5 Nxe5
15. Bxe5 Bxe5 16. dxe5 Qe7 17. Qf4 Re8 18. Rfd1 Qxe5 19. Qxe5 Rxe5 20. f4 Rc5
21. Rbc1 f6 22. Rd4 Re8 23. Rc2 Bc8 24. Kf2 Be6 25. Bf1 Kf7 26. Ke3 Ke7 27. Ra4
a5 28. Rd4 Ra8 29. Kd2 Rh8 30. Bd3 h5 31. h4 g5 32. f5 Bf7 33. hxg5 fxg5 34.
Ke3 h4 35. gxh4 Rxh4 36. Rg2 Kf6 37. Rd7 Rh3+ 38. Kd2 Bxa2 39. e5+ Rxe5 40.
Rxc7 Rd5 41. Rc6+ Kf7 42. Rc7+ Ke8 43. Rxg5 Rdxd3+ 44. Kc2 Rdf3 45. Rg2 Rxf5
46. c4 Kd8 47. Rc6 Kd7 48. Rxb6 Bxc4 49. Rg7+ Bf7 50. Rb7+ Ke8 51. Rb8+ Ke7 52.
Rb7+ Kf8 53. Rg2 Bd5 54. Rb8+ Kf7 55. Rd2 a4 56. Rd8 Be6 57. R8d3 Rh1 58. Re3
Rc5+ 59. Kd3 a3 60. Rf2+ Ke7 61. Kd4 Rc4+ 62. Kd3 Rd1+ 0-1

[Event "Sportsko leto 2013"]
[Site "Paracin"]
[Date "2013.07.12"]
[Round "9.5"]
[White "Mista, Aleksander"]
[Black "Savic, Miodrag R"]
[Result "1/2-1/2"]
[WhiteElo "2579"]
[BlackElo "2529"]
[PlyCount "156"]
[EventDate "2013.??.??"]

1. c4 e6 2. g3 Nf6 3. Bg2 d5 4. Nf3 Be7 5. O-O O-O 6. b3 a5 7. Bb2 a4 8. bxa4
Nbd7 9. cxd5 exd5 10. Nc3 Nb6 11. d4 Nc4 12. Qc2 c6 13. Ne5 Nxb2 14. Qxb2 Qa5
15. Rab1 Ra7 16. f3 Rd8 17. Nd3 Ne8 18. Nc1 Nd6 19. Nb3 Qc7 20. e4 Nc4 21. Qe2
Bb4 22. exd5 Nb6 23. a5 Nxd5 24. Nxd5 Rxd5 25. f4 Rd8 26. f5 Qe7 27. Qc4 Bxa5
28. Kh1 Bc7 29. a4 Qd6 30. Rbd1 b5 31. axb5 cxb5 32. Qe2 Qh6 33. Rde1 Rf8 34.
Rf3 b4 35. Nc5 Ra3 36. Kg1 Qd6 37. Qe4 Bb6 38. Rc1 Rxf3 39. Bxf3 h5 40. g4 Qf6
41. h3 hxg4 42. hxg4 Qh4 43. Qf4 Bd8 44. Ne4 Bb7 45. Kg2 Bxe4 46. Qxe4 Qg5 47.
Rc8 Qd2+ 48. Be2 b3 49. Qd3 Qe1 50. Rb8 Re8 51. Bf3 b2 52. Rxb2 Bc7 53. Be2 Bf4
54. Qf3 Be3 55. Bf1 Qc3 56. Ra2 Qxd4 57. Ra8 Rxa8 58. Qxa8+ Kh7 59. Be2 Qd2 60.
Qf3 Qc1 61. Bd1 Qd2+ 62. Be2 Bd4 63. Qe4 Kh6 64. Kf3 Qc3+ 65. Bd3 Bf6 66. Qe3+
Kh7 67. Qe4 Qc1 68. Kg2 Qd2+ 69. Qe2 Qc1 70. Bc4 Bd4 71. Bxf7 Qg1+ 72. Kf3 Qh1+
73. Kf4 Qh4 74. Ke4 Qe7+ 75. Be6 Bf6 76. Qh2+ Bh4 77. Qb2 Qd6 78. Qc3 Qg3
1/2-1/2

[Event "Sportsko leto 2013"]
[Site "Paracin"]
[Date "2013.07.12"]
[Round "9.6"]
[White "Kosic, Dragan"]
[Black "Tomic, Bosko"]
[Result "0-1"]
[WhiteElo "2490"]
[BlackElo "2425"]
[PlyCount "102"]
[EventDate "2013.??.??"]

1. Nf3 Nf6 2. g3 g6 3. b3 Bg7 4. Bb2 c5 5. c4 d6 6. d4 Ne4 7. Bg2 Qa5+ 8. Nfd2
Nxd2 9. Bc3 Qb6 10. dxc5 Nxb1 11. Bxg7 Qb4+ 12. Kf1 Nd2+ 13. Kg1 Rg8 14. Bd4
dxc5 15. Be3 Nxc4 16. bxc4 Nc6 17. Rb1 Qxc4 18. Bd5 Qa6 19. Qb3 e6 20. Bc4 Qb6
21. Bb5 Kf8 22. Bh6+ Ke7 23. Qf3 f6 24. Be3 Nd4 25. Bxd4 cxd4 26. Kg2 Qd6 27.
Rhd1 Rd8 28. e3 e5 29. exd4 exd4 30. Rd2 Kf7 31. Re1 Bd7 32. Qb3+ Kg7 33. Rde2
Bxb5 34. Re7+ Kh6 35. Qxb5 Qc6+ 36. Qxc6 bxc6 37. R1e4 g5 38. h4 Rd6 39. hxg5+
fxg5 40. R4e6+ Rxe6 41. Rxe6+ Kg7 42. Rxc6 Rd8 43. Rc7+ Kg6 44. Kf1 h5 45. Rxa7
h4 46. gxh4 gxh4 47. Ke2 h3 48. Ra6+ Kg5 49. Ra7 d3+ 50. Kd2 Rh8 51. Rg7+ Kh4
0-1

[Event "Sportsko leto 2013"]
[Site "Paracin"]
[Date "2013.07.12"]
[Round "9.8"]
[White "Arsovic, Zoran"]
[Black "Cioara, Andrei-Nestor"]
[Result "1-0"]
[WhiteElo "2417"]
[BlackElo "2465"]
[PlyCount "67"]
[EventDate "2013.??.??"]

1. Nf3 Nf6 2. c4 e6 3. g3 d5 4. Bg2 Be7 5. O-O O-O 6. d4 c6 7. Qc2 b6 8. Rd1 a5
9. Nc3 Ba6 10. Ne5 Nfd7 11. cxd5 cxd5 12. e4 Nxe5 13. exd5 Nc4 14. d6 Ra7 15.
dxe7 Qxe7 16. b3 Nd6 17. Ba3 Rc8 18. Qb2 Qd8 19. d5 e5 20. Bh3 Rxc3 21. Qxc3
Nb5 22. Qb2 Nd4 23. Rxd4 exd4 24. Qxd4 Nc6 25. Qc3 Nb4 26. Bb2 f6 27. Be6+ Kh8
28. Qf3 Rc7 29. Bd4 Rc2 30. Qh5 Be2 31. Qf7 h5 32. Bxb6 Qa8 33. Re1 Bf3 34. g4
1-0

[Event "Sportsko leto 2013"]
[Site "Paracin"]
[Date "2013.07.12"]
[Round "9.9"]
[White "Strzemiecki, Zbigniew"]
[Black "Tosic, Srecko"]
[Result "1-0"]
[WhiteElo "2431"]
[BlackElo "2389"]
[PlyCount "113"]
[EventDate "2013.??.??"]

1. e4 e6 2. d4 d5 3. exd5 exd5 4. Nf3 Nc6 5. c4 Nf6 6. Be2 Be7 7. O-O O-O 8.
Nc3 h6 9. Ne5 Be6 10. Nxc6 bxc6 11. c5 Ne4 12. Bd3 f5 13. f3 Ng5 14. Re1 Bd7
15. Bf4 Ne6 16. Be5 Bg5 17. g3 f4 18. Bc2 Rf7 19. Bg6 Rf6 20. Bc2 Rf7 21. Bg6
Rf8 22. Bc2 Be8 23. Qd3 g6 24. Re2 Qd7 25. Rae1 h5 26. Rg2 Qh7 27. Ne2 Rd8 28.
h4 Bh6 29. g4 Bg7 30. Nc1 hxg4 31. Rxg4 Rf5 32. Qd2 Bxe5 33. Bxf5 Nxd4 34. Qd3
Nxf5 35. Qxf5 Bd4+ 36. Kg2 Be3 37. Nd3 Qg7 38. Qg5 Rb8 39. Re2 Bd7 40. Qxg6
Bxg4 41. Qxg7+ Kxg7 42. fxg4 Rh8 43. h5 Kf6 44. Kf3 Kg5 45. Rh2 d4 46. Rh1 a5
47. b3 Re8 48. h6 Rh8 49. h7 Kg6 50. Nxf4+ Kg7 51. Nh5+ Kxh7 52. Nf4+ Kg8 53.
Rxh8+ Kxh8 54. Ke4 Bg1 55. a4 Kh7 56. Nd3 Kg6 57. b4 1-0

[Event "Sportsko leto 2013"]
[Site "Paracin"]
[Date "2013.07.12"]
[Round "9.10"]
[White "Ratkovic, Milovan"]
[Black "Atalik, Ekaterina"]
[Result "0-1"]
[WhiteElo "2315"]
[BlackElo "2430"]
[PlyCount "64"]
[EventDate "2013.??.??"]

1. d4 Nf6 2. Nf3 g6 3. Bg5 Bg7 4. Nc3 d5 5. Bxf6 exf6 6. e3 c6 7. Be2 f5 8. Ne5
Qe7 9. Nd3 Nd7 10. O-O Nf6 11. a4 Ne4 12. a5 h5 13. Na4 h4 14. c4 h3 15. g3
dxc4 16. Nf4 g5 17. Nh5 Rxh5 18. Bxh5 g4 19. f3 Nf6 20. fxg4 Qxe3+ 21. Kh1 Qe4+
22. Qf3 Qxf3+ 23. Rxf3 fxg4 24. Re3+ Kf8 25. Re5 Be6 26. Nc3 Rd8 27. Ne2 Rd5
28. Nf4 Rxe5 29. dxe5 Nxh5 30. Nxh5 Bxe5 31. a6 b5 32. Nf4 Bxb2 0-1

[Event "Sportsko leto 2013"]
[Site "Paracin"]
[Date "2013.07.12"]
[Round "9.11"]
[White "Kuzmicz, Krystian"]
[Black "Popovic, Aleksandar M"]
[Result "1-0"]
[WhiteElo "2470"]
[BlackElo "2278"]
[PlyCount "101"]
[EventDate "2013.??.??"]

1. e4 g6 2. f4 d5 3. Nc3 dxe4 4. Nxe4 Bg7 5. Nf3 Nh6 6. d4 O-O 7. c3 b6 8. Bd3
Nd7 9. Be3 Ng4 10. Qe2 Nxe3 11. Qxe3 c5 12. dxc5 Nxc5 13. Nxc5 bxc5 14. O-O Rb8
15. Rf2 Rb6 16. Bc4 Qc7 17. Ng5 h6 18. Ne4 Bf5 19. Rd1 e5 20. Ng3 exf4 21. Qxf4
Qxf4 22. Rxf4 Bc2 23. Rc1 g5 24. Rxf7 Rxf7 25. Rxc2 Kf8 26. Bxf7 Kxf7 27. Nf5
Be5 28. Re2 Bb8 29. g4 a5 30. b3 Kg6 31. Re4 h5 32. h3 hxg4 33. hxg4 Kf6 34.
Rc4 Rb7 35. Kg2 Rd7 36. Rxc5 Rd2+ 37. Kf3 Rxa2 38. Ne3 Ra3 39. Rb5 Bh2 40. Nc4
Ra2 41. Nxa5 Rd2 42. Rb6+ Kf7 43. Rc6 Bg1 44. Nc4 Rf2+ 45. Ke4 Bh2 46. Ne5+ Ke7
47. Nf3 Bf4 48. b4 Kd7 49. b5 Rb2 50. c4 Rb3 51. Ne5+ 1-0

[Event "Sportsko leto 2013"]
[Site "Paracin, hotel "]
[Date "2013.07.12"]
[Round "9.13"]
[White "Stojanovski, Dejan"]
[Black "Pantelic, Sasa"]
[Result "1/2-1/2"]
[WhiteElo "2439"]
[BlackElo "2331"]
[PlyCount "40"]
[EventDate "2013.07.05"]

1. e4 e6 2. d4 d5 3. Nc3 dxe4 4. Nxe4 Nd7 5. Bd3 Ngf6 6. Qe2 c5 7. Nxf6+ Nxf6
8. dxc5 Bxc5 9. Nf3 O-O 10. Bg5 Be7 11. O-O-O Qa5 12. Kb1 Bd7 13. Ne5 Bc6 14.
c4 Rad8 15. f4 Qc7 16. Rhe1 Rfe8 17. Bh4 Bb4 18. Rf1 Be7 19. Rfe1 Bb4 20. Rf1
Be7 1/2-1/2

[Event "Sportsko leto 2013"]
[Site "Paracin, hotel "]
[Date "2013.07.12"]
[Round "9.14"]
[White "Bogdanovski, Vlatko"]
[Black "Cabarkapa, Novak"]
[Result "1-0"]
[WhiteElo "2435"]
[BlackElo "2356"]
[PlyCount "97"]
[EventDate "2013.07.05"]

1. d4 Nf6 2. Nf3 g6 3. Bg5 Bg7 4. Nbd2 O-O 5. e3 d6 6. c3 Nbd7 7. Bd3 e5 8. O-O
h6 9. Bh4 Qe7 10. e4 g5 11. Bg3 Nh5 12. Re1 Nxg3 13. hxg3 exd4 14. Nxd4 Ne5 15.
Nf1 Nxd3 16. Qxd3 Re8 17. Re3 Bxd4 18. cxd4 c5 19. Rd1 cxd4 20. Qxd4 Qe5 21.
Qxd6 Qxd6 22. Rxd6 Be6 23. b3 Rad8 24. Red3 Rxd6 25. Rxd6 Kf8 26. f4 Ke7 27.
Rd2 f6 28. Ne3 Rc8 29. Kf2 Rc3 30. Rc2 Rxc2+ 31. Nxc2 Kd6 32. Ke3 Kc5 33. Kd3
a5 34. Kc3 Bd7 35. Ne1 f5 36. Nd3+ Kd6 37. Ne5 Be6 38. exf5 Bxf5 39. Nf7+ Kd5
40. Nxh6 Bb1 41. fxg5 Ke6 42. a3 Be4 43. g4 Bxg2 44. Nf5 Kf7 45. Kd4 Bf1 46.
Nd6+ Kg6 47. Nxb7 a4 48. b4 Kxg5 49. Nd6 1-0

[Event "Sportsko leto 2013"]
[Site "Paracin, hotel "]
[Date "2013.07.12"]
[Round "9.15"]
[White "Abramovic, Bosko"]
[Black "Cerovic, Danilo"]
[Result "1/2-1/2"]
[WhiteElo "2427"]
[BlackElo "2340"]
[PlyCount "40"]
[EventDate "2013.07.05"]

1. c4 c5 2. Nf3 Nc6 3. d4 cxd4 4. Nxd4 g6 5. e4 Nf6 6. Nc3 Nxd4 7. Qxd4 d6 8.
Be2 Bg7 9. Be3 O-O 10. Qd2 Be6 11. Rc1 Qa5 12. b3 Rfc8 13. f3 a6 14. Nd5 Qxd2+
15. Kxd2 Nxd5 16. cxd5 Bd7 17. Rxc8+ Rxc8 18. Rc1 Rxc1 19. Kxc1 Kf8 20. Kd2 Ke8
1/2-1/2

[Event "Sportsko leto 2013"]
[Site "Paracin, hotel "]
[Date "2013.07.12"]
[Round "9.17"]
[White "Zlatanovic, Boroljub"]
[Black "Dimic, Pavle"]
[Result "0-1"]
[WhiteElo "2416"]
[BlackElo "2218"]
[PlyCount "62"]
[EventDate "2013.07.05"]

1. Nc3 c5 2. e4 Nc6 3. f4 g6 4. Nf3 Bg7 5. d3 d6 6. h3 e6 7. Be3 Nd4 8. g4 Ne7
9. Bg2 f5 10. Qd2 O-O 11. O-O Bd7 12. Nd1 Qc7 13. c3 Nxf3+ 14. Bxf3 Bc6 15. Nf2
e5 16. Bg2 g5 17. gxf5 exf4 18. Bxf4 gxf4 19. Qxf4 Kh8 20. Ng4 Ng8 21. Rf3 Rae8
22. Raf1 c4 23. Rd1 cxd3 24. Rfxd3 Be5 25. Nxe5 dxe5 26. Qh4 Qe7 27. Qe1 Nf6
28. Bf3 Rd8 29. Qe3 Rxd3 30. Rxd3 Rg8+ 31. Kf1 Bb5 0-1

[Event "Sportsko leto 2013"]
[Site "Paracin, hotel "]
[Date "2013.07.12"]
[Round "9.18"]
[White "Nestorovic, Dejan"]
[Black "Radovanovic, Nikola"]
[Result "1-0"]
[WhiteElo "2411"]
[BlackElo "2249"]
[PlyCount "77"]
[EventDate "2013.07.05"]

1. d4 Nf6 2. c4 g6 3. Nc3 Bg7 4. Bg5 O-O 5. Nf3 d6 6. e3 c5 7. d5 Na6 8. Nd2
Nc7 9. a4 b6 10. Bd3 a6 11. e4 Bd7 12. O-O h6 13. Bf4 Rb8 14. h3 b5 15. Qc2 g5
16. Bh2 Nh5 17. Qd1 Nf4 18. Bxf4 gxf4 19. axb5 axb5 20. Qf3 b4 21. Nd1 e5 22.
b3 Ra8 23. Nb2 Ne8 24. Rfc1 Nf6 25. Qd1 Nh7 26. Rxa8 Qxa8 27. Ra1 Qc8 28. Ra7
Ng5 29. Na4 Qd8 30. Qh5 Be8 31. Qg4 Nh7 32. g3 Kh8 33. Kh2 Rg8 34. Qf5 Nf6 35.
gxf4 exf4 36. e5 Bd7 37. Rxd7 Qxd7 38. exf6 Qxf5 39. fxg7+ 1-0

[Event "Sportsko leto 2013"]
[Site "Paracin, hotel "]
[Date "2013.07.12"]
[Round "9.19"]
[White "Nenezic, Marko"]
[Black "Andersen, Alf R"]
[Result "1-0"]
[WhiteElo "2391"]
[BlackElo "2202"]
[PlyCount "51"]
[EventDate "2013.07.05"]

1. Nf3 b5 2. e4 Bb7 3. Bxb5 Bxe4 4. O-O Nc6 5. Ng5 Rb8 6. Ba4 Bg6 7. d4 h6 8.
Nf3 e6 9. Re1 Rb6 10. d5 Nce7 11. dxe6 fxe6 12. Ne5 Nf6 13. Be3 Rd6 14. Qe2 Bh5
15. g4 Bf7 16. Nc3 Ned5 17. Nxd5 Rxd5 18. f4 Bc5 19. Bxc5 Rxc5 20. Bxd7+ Kf8
21. Nxf7 Kxf7 22. Bxe6+ Kf8 23. Rad1 Qe8 24. Qf2 Qc6 25. Rd8+ Ne8 26. Bd7 1-0

[Event "Sportsko leto 2013"]
[Site "Paracin, hotel "]
[Date "2013.07.12"]
[Round "9.20"]
[White "Jovanovic, Bojan P"]
[Black "Burovic, Ismet"]
[Result "1/2-1/2"]
[WhiteElo "2203"]
[BlackElo "2361"]
[PlyCount "47"]
[EventDate "2013.07.05"]

1. d4 g6 2. Nf3 Bg7 3. e4 d6 4. Nc3 a6 5. h3 b5 6. Bd3 Bb7 7. Ne2 c5 8. c3 e5
9. dxe5 dxe5 10. O-O Nd7 11. Be3 Qc7 12. a4 c4 13. Bc2 Ne7 14. axb5 axb5 15.
Rxa8+ Bxa8 16. Qa1 O-O 17. Qa3 Re8 18. Rd1 Bc6 19. Nh2 Nc8 20. Ng4 h5 21. Nh6+
Bxh6 22. Bxh6 Kh7 23. Be3 Nf8 24. b3 1/2-1/2

[Event "Sportsko leto 2013"]
[Site "Paracin, hotel "]
[Date "2013.07.12"]
[Round "9.21"]
[White "Maksimovic, Branimir"]
[Black "Hagesather, Ellen"]
[Result "1-0"]
[WhiteElo "2423"]
[BlackElo "2210"]
[PlyCount "81"]
[EventDate "2013.07.05"]

1. c4 e5 2. g3 c5 3. Bg2 Nc6 4. Nc3 d6 5. a3 g6 6. e3 Nge7 7. b4 cxb4 8. axb4
Nxb4 9. Ba3 Nd3+ 10. Ke2 Nc5 11. d4 exd4 12. Qxd4 Rg8 13. Bxc5 dxc5 14. Qxc5
Bg4+ 15. Nf3 Nc6 16. Qb5 Bg7 17. Qxb7 Bxc3 18. Qxc6+ Kf8 19. Rhd1 Bxa1 20.
Rxd8+ Rxd8 21. h3 Bxf3+ 22. Bxf3 Kg7 23. Bd5 Rb8 24. Qc7 Rgf8 25. Qxa7 Bc3 26.
f4 h5 27. g4 hxg4 28. hxg4 g5 29. Kf3 Bf6 30. c5 Rbe8 31. c6 Re7 32. Qc5 Rfe8
33. e4 gxf4 34. c7 Rc8 35. g5 Rcxc7 36. gxf6+ Kxf6 37. Qd6+ Kg7 38. Kxf4 Red7
39. Qb6 f6 40. Qg1+ Kh6 41. Kf5 1-0

[Event "Sportsko leto 2013"]
[Site "Paracin, hotel "]
[Date "2013.07.12"]
[Round "9.22"]
[White "Cvetkovic, Srdjan"]
[Black "Cvetanovic, Uros"]
[Result "1/2-1/2"]
[WhiteElo "2385"]
[BlackElo "2249"]
[PlyCount "76"]
[EventDate "2013.07.05"]

1. c4 Nf6 2. Nc3 e5 3. g3 Nc6 4. Bg2 Bc5 5. e3 d6 6. Nge2 Bg4 7. h3 Bf5 8. d4
exd4 9. Nxd4 Bxd4 10. exd4 O-O 11. O-O d5 12. g4 Be4 13. Nxe4 dxe4 14. g5 Ne8
15. Bxe4 Qxd4 16. Qxd4 Nxd4 17. Be3 Nc6 18. c5 g6 19. b4 Ng7 20. b5 Nd8 21.
Rfd1 Re8 22. Bg2 Nf5 23. Rd7 Rc8 24. Rad1 Nxe3 25. fxe3 b6 26. Bd5 bxc5 27. Rf1
Rxe3 28. h4 Rg3+ 29. Kh2 Rg4 30. Kh3 Rd4 31. Bxf7+ Nxf7 32. Rfxf7 Rd3+ 33. Kg2
Rd2+ 34. Kg3 Rxa2 35. Rxh7 Ra3+ 36. Kg2 Ra2+ 37. Kg3 Ra3+ 38. Kg2 Ra2+ 1/2-1/2

[Event "Sportsko leto 2013"]
[Site "Paracin, hotel "]
[Date "2013.07.12"]
[Round "9.23"]
[White "Carnic, Srdjan"]
[Black "Livaja, Mario"]
[Result "1/2-1/2"]
[WhiteElo "2341"]
[BlackElo "2225"]
[PlyCount "40"]
[EventDate "2013.07.05"]

1. Nf3 Nf6 2. c4 b6 3. g3 Bb7 4. Bg2 e6 5. O-O Be7 6. Nc3 c5 7. d4 O-O 8. d5
exd5 9. cxd5 d6 10. Nd2 Na6 11. Nc4 Nc7 12. a4 Ba6 13. b3 Nd7 14. Bf4 Bxc4 15.
bxc4 Re8 16. Ne4 Nf6 17. Nc3 Nd7 18. Ne4 Nf6 19. Nc3 Nd7 20. Ne4 Nf6 1/2-1/2

[Event "Sportsko leto 2013"]
[Site "Paracin, hotel "]
[Date "2013.07.12"]
[Round "9.24"]
[White "Irizanin, Radoje"]
[Black "Persson, Richard"]
[Result "1-0"]
[WhiteElo "2333"]
[BlackElo "2175"]
[PlyCount "147"]
[EventDate "2013.07.05"]

1. d4 d5 2. Nf3 e6 3. Bf4 Bd6 4. Bg3 Qe7 5. Nbd2 Nd7 6. c3 e5 7. dxe5 Nxe5 8.
Nxe5 Bxe5 9. Nf3 Bxg3 10. hxg3 Nf6 11. e3 Bg4 12. Qd4 Qe4 13. Bd3 Qxd4 14. cxd4
Bxf3 15. gxf3 h6 16. Kd2 O-O-O 17. Rhc1 Nh7 18. Rc3 g6 19. Rac1 Rd7 20. Rh1 h5
21. g4 Nf6 22. gxh5 Rxh5 23. Rxh5 Nxh5 24. Rc1 Kd8 25. Rh1 Ke7 26. Ke2 Rd8 27.
f4 Nf6 28. Kf3 Kd6 29. Rh6 Ke7 30. Ke2 Rc8 31. b4 c6 32. f3 Rd8 33. Rh1 Nh5 34.
Kf2 Nf6 35. Bc2 Rd7 36. Ke2 Nh5 37. Kd2 Rd8 38. Rh3 Nf6 39. Kc3 Rg8 40. e4 dxe4
41. fxe4 g5 42. fxg5 Rxg5 43. Kd3 Rg2 44. Bb3 Nh5 45. Rf3 Rg3 46. Ke3 Rxf3+ 47.
Kxf3 Kf6 48. Kg4 Ng7 49. e5+ Kg6 50. Bc4 Ne6 51. d5 cxd5 52. Bxd5 b6 53. a4 Nd4
54. a5 f5+ 55. Kf4 b5 56. Bb7 Nc2 57. Bc8 Nd4 58. Bd7 Ne2+ 59. Ke3 Nc3 60. Kd4
Ne2+ 61. Kc5 f4 62. e6 Kf6 63. Kd6 Ng3 64. Bxb5 Nf5+ 65. Kd7 f3 66. Bc4 f2 67.
b5 Ne7 68. b6 axb6 69. axb6 Nd5 70. b7 Nb6+ 71. Kc6 Nxc4 72. b8=Q Ne5+ 73. Kd5
Ng4 74. Qf4+ 1-0

[Event "Sportsko leto 2013"]
[Site "Paracin, hotel "]
[Date "2013.07.12"]
[Round "9.25"]
[White "Dinic, Dragan"]
[Black "Radovic, Luka"]
[Result "1-0"]
[WhiteElo "2311"]
[BlackElo "2065"]
[PlyCount "63"]
[EventDate "2013.07.05"]

1. e4 c5 2. Nf3 d6 3. Bc4 Nf6 4. d3 e6 5. O-O Nc6 6. c3 d5 7. exd5 exd5 8. Bb5
Be7 9. d4 O-O 10. dxc5 Ne4 11. Nbd2 Bxc5 12. Nb3 Bb6 13. Nfd4 Qf6 14. Be3 Ne5
15. Be2 Qg6 16. Bh5 Qf6 17. Nd2 Qh4 18. Be2 Qe7 19. h3 Bc7 20. Re1 f5 21. Qb3
Qf7 22. Bf4 g5 23. Nxe4 fxe4 24. Be3 g4 25. h4 Nf3+ 26. gxf3 gxf3 27. Kh1 Qh5
28. Rg1+ Kh8 29. Bg5 Rf4 30. Nf5 Rxf5 31. Qb4 Rf7 32. Qd4+ 1-0

[Event "Sportsko leto 2013"]
[Site "Paracin, hotel "]
[Date "2013.07.12"]
[Round "9.27"]
[White "Rajkovic, Mladen"]
[Black "Vucinic, Gojko"]
[Result "1/2-1/2"]
[WhiteElo "2015"]
[BlackElo "2252"]
[PlyCount "77"]
[EventDate "2013.07.05"]

1. e4 c5 2. Nf3 a6 3. c3 e6 4. d4 d5 5. e5 Bd7 6. Bd3 cxd4 7. Nxd4 Nc6 8. Nxc6
Bxc6 9. O-O Ne7 10. Be3 Qc7 11. Bd4 Bb5 12. Bxb5+ axb5 13. Na3 Qc6 14. Qd3 Ra5
15. Nc2 Nf5 16. g4 Nh4 17. Qg3 Be7 18. Ne3 h5 19. g5 Bxg5 20. Ng2 Nxg2 21. Qxg5
Rh6 22. Qxg7 Rg6 23. Qh8+ Ke7 24. Kh1 Qe8 25. Qxh5 Qg8 26. Rg1 Kd7 27. a3 Ra8
28. Qh3 Nf4 29. Qf3 Rxg1+ 30. Rxg1 Ng6 31. Qd3 Kc6 32. Be3 Qb8 33. f4 Ra4 34.
Rf1 Qd8 35. Bd4 Ne7 36. Qh3 Nf5 37. Rd1 Qg8 38. Rg1 Qc8 39. Rd1 1/2-1/2

[Event "Sportsko leto 2013"]
[Site "Paracin, hotel "]
[Date "2013.07.12"]
[Round "9.28"]
[White "Ionescu, Doru-Alexandru"]
[Black "Jovanovic, Aleksandar D"]
[Result "1-0"]
[WhiteElo "2330"]
[BlackElo "2229"]
[PlyCount "69"]
[EventDate "2013.07.05"]

1. d4 f5 2. Bg5 g6 3. e3 Bg7 4. Bd3 Nc6 5. c3 Nf6 6. Nd2 d6 7. e4 e5 8. exf5
gxf5 9. Ne2 Kf8 10. O-O Qe8 11. dxe5 dxe5 12. Ng3 Qg6 13. Be3 Be6 14. Bc5+ Kf7
15. f4 Rad8 16. Qe2 Rxd3 17. Qxd3 Rd8 18. Qe2 Bh6 19. Rae1 Rd5 20. Bd4 Ng4 21.
fxe5 Rxd4 22. cxd4 Be3+ 23. Qxe3 Nxe3 24. Rxe3 Nxd4 25. Nf3 Qg4 26. Nxd4 Qxd4
27. Nxf5 Bxf5 28. Rxf5+ Ke7 29. Rff3 Qxb2 30. e6 Qd2 31. h4 c5 32. Kh2 c4 33.
Kh3 b5 34. Rf7+ Ke8 35. Rg3 1-0

[Event "Sportsko leto 2013"]
[Site "Paracin, hotel "]
[Date "2013.07.12"]
[Round "9.29"]
[White "Mladenovic, Stefan"]
[Black "Pantic, Ivica"]
[Result "1-0"]
[WhiteElo "2307"]
[BlackElo "2193"]
[PlyCount "103"]
[EventDate "2013.07.05"]

1. d4 Nf6 2. Nf3 e6 3. e3 d5 4. Bd3 a6 5. O-O c5 6. c3 Nbd7 7. Nbd2 Qc7 8. Re1
Bd6 9. e4 dxe4 10. Nxe4 Nxe4 11. Rxe4 cxd4 12. Rxd4 e5 13. Rd5 Nf6 14. Bc4 Nxd5
15. Bxd5 O-O 16. Ng5 h6 17. Ne4 Be7 18. Qh5 Kh7 19. Bxf7 Qc6 20. f3 Bg4 21.
Qxg4 Qb6+ 22. Kh1 Rxf7 23. Qh5 Qe6 24. Be3 Rd8 25. b3 Rd3 26. Re1 Qd5 27. Bd4
g5 28. Nf2 Rxd4 29. cxd4 exd4 30. Ng4 Bf8 31. Re5 Rc7 32. h4 Qd6 33. hxg5 Rc1+
34. Kh2 Bg7 35. Nf6+ Bxf6 36. Qxh6+ Kg8 37. Qg6+ Kf8 38. Qxf6+ Qxf6 39. gxf6
Kf7 40. Rd5 Rd1 41. Rd6 Rd2 42. a4 a5 43. Kg3 d3 44. f4 Rd1 45. Kf2 d2 46. g4
Rb1 47. Rxd2 Rxb3 48. g5 Kg6 49. f5+ Kf7 50. Rd7+ Ke8 51. Re7+ Kf8 52. g6 1-0

[Event "Sportsko leto 2013"]
[Site "Paracin, hotel "]
[Date "2013.07.12"]
[Round "9.32"]
[White "Todorovic, Nenad I"]
[Black "Ratkovic, Miloje"]
[Result "1/2-1/2"]
[WhiteElo "2130"]
[BlackElo "2258"]
[PlyCount "67"]
[EventDate "2013.07.05"]

1. e4 c6 2. d4 d5 3. e5 Bf5 4. Ne2 e6 5. Ng3 Bg6 6. h4 h5 7. Bd3 Bxd3 8. cxd3
Ne7 9. Nd2 Ng6 10. Nxh5 Nxh4 11. Qg4 Ng6 12. Nf3 Nd7 13. Bg5 Qa5+ 14. Bd2 Qa6
15. O-O-O Qxd3 16. Bc3 Qf5 17. Qxf5 exf5 18. Ng3 Rxh1 19. Rxh1 f4 20. Nf5 c5
21. Rh7 Rc8 22. Kd1 cxd4 23. Bxd4 Nc5 24. Bxc5 Rxc5 25. Nxg7+ Bxg7 26. Rxg7 Kf8
27. Rh7 Rb5 28. Kc2 Rb4 29. Rh5 Ke7 30. Rf5 Ke6 31. Rf6+ Ke7 32. Rf5 Ke6 33.
Rf6+ Ke7 34. Rf5 1/2-1/2

[Event "Sportsko leto 2013"]
[Site "Paracin, hotel "]
[Date "2013.07.12"]
[Round "9.36"]
[White "Zlatanovic, Zoran"]
[Black "Tadic, Katarina"]
[Result "1-0"]
[WhiteElo "2210"]
[BlackElo "2069"]
[PlyCount "94"]
[EventDate "2013.07.05"]

1. Nf3 Nf6 2. g3 g6 3. Bg2 Bg7 4. O-O O-O 5. d4 d5 6. c4 dxc4 7. Na3 c3 8. bxc3
c5 9. e3 Nc6 10. Nc4 Be6 11. Nce5 Bd5 12. Ba3 cxd4 13. Nxc6 Bxc6 14. exd4 Re8
15. c4 e6 16. Ne5 Bxg2 17. Kxg2 Rc8 18. Rc1 Qa5 19. Qb3 Qc7 20. Rfd1 Red8 21.
f4 b6 22. Qf3 Bf8 23. Bb2 Ne8 24. h4 h5 25. d5 exd5 26. cxd5 Qb7 27. Nc6 Rd7
28. f5 Qa6 29. Rc2 Rcc7 30. Rf2 Bc5 31. Re2 Ng7 32. Nb8 Qc4 33. Nxd7 Rxd7 34.
fxg6 fxg6 35. Bxg7 Kxg7 36. Qe4 Qb5 37. a4 Qb3 38. Qe5+ Kh7 39. Rdd2 Qb1 40.
Re1 Qb4 41. Red1 Qxa4 42. d6 Qa3 43. Qe6 Qa4 44. Rf1 Qc6+ 45. Kh2 Qb7 46. Rf6
Rg7 47. d7 Qa6 1-0